000 00936nam a2200193 4500
999 _c63789
_d63789
003 Ge_BSU
005 20260114145151.0
008 260114s1970 ge ||||| |||| 00| 0 geo d
041 _ageo
080 _a908(479.223) ნ-68
100 _aნიჟარაძე, ნადიმი
_926676
245 _aსაბჭოთა აჭარა 50 წლისაა /
_cნადიმი ნიჟარაძე, ნადეჟდა ჯიბუტი; რედ. გ. მაჭუტაძე.
264 _aბათუმი :
_bსაბჭ. აჭარა,
_c1970.
300 _a94 გვ. :
_b9 ფ. ილ. ;
_c16 სმ.
653 _aკომუნისტური მშენებლობა აჭარაში
700 _aჯიბუტი, ნადეჟდა
_eავტორი
_926677
700 _aმაჭუტაძე, გ.
_eრედაქტორი
_926678
942 _2udc
_cᲬᲘᲒᲜᲘ